[Event "12th Batavia Amsterdam 2020"]
[Site "Amsterdam"]
[Date "2020.02.29"]
[Round "8.3"]
[White "Trent, Lawrence"]
[Black "Bosboom, Manuel"]
[Result "1-0"]
[WhiteElo "2386"]
[BlackElo "2410"]
[Annotator "TA"]
[PlyCount "73"]
[EventDate "2020.02.21"]
[EventType "tourn"]
[EventCountry "NED"]
[SourceTitle "playchess.com"]
[Source "ChessBase"]
[SourceQuality "1"]

{[%evp 9,73,9,28,22,33,12,15,16,34,-15,25,31,15,-22,-6,-3,-15,-27,-6,-14,20,0,41,11,116,100,104,97,303,345,332,322,342,352,322,298,282,262,301,296,318,283,288,277,258,284,294,290,324,306,853,658,997,948,933,613,609,605,609,622,1088,973,1713,935,1508,1495]} 1. e4 c5 2. Nc3 Nc6 3. Bb5 Nd4 4. Nf3 a6 5. Bd3 Nc6 6. O-O {B23: Closed Sicilian: Lines without g3.} e6 7. b3 g5 8. Bb2 {[#] aiming for Nd5.The position is equal.} Bg7 {[#]} 9. Kh1 $146 ({Predecessor:} 9. Na4 Bxb2 10. Nxb2 g4 11. Ne1 h5 12. c3 Nge7 13. f4 d5 14. Qe2 Qc7 15. Bc2 {1-0 (35) Martinez Duany,L (2528)-Nagy,G (2474) Famalicao 2018}) 9... g4 10. Ng1 h5 11. Qc1 Nf6 12. Qe1 d6 13. Nd1 Bd7 14. Ne3 b5 15. f4 Qb6 16. Qh4 Nd4 (16... Qd8 $1 $11) 17. c3 $36 {[%mdl 2048] White has strong initiative.} Nc6 18. a4 {[#] Strongly threatening axb5.} c4 $2 {Now Black is done in.} (18... Rb8 $16 {was worth a try.}) 19. bxc4 $18 bxa4 20. Ba3 Qc7 21. Ne2 Ng8 22. Rab1 Bf6 23. Qe1 Be7 24. Bc2 h4 25. Nxg4 ({But not} 25. Bxa4 $6 Qa5 $18) 25... h3 26. g3 ({Don't do} 26. Bxa4 $6 hxg2+ 27. Kxg2 Qa5 $16) 26... Na5 27. d3 f5 28. Nf2 fxe4 29. Nd4 (29. dxe4 Nxc4 30. Bc1 e5 $14) 29... e5 $2 (29... exd3 30. Bxd3 Nf6) 30. Qxe4 {White is clearly winning.} Nc6 31. Qg6+ Kd8 32. Ne6+ Bxe6 33. Qxe6 Nf6 34. Ne4 Nxe4 35. dxe4 exf4 36. gxf4 Na5 37. c5 {Accuracy: White = 74%, Black = 43%.} 1-0

[Event "12th Batavia Amsterdam 2020"]
[Site "Amsterdam"]
[Date "2020.02.29"]
[Round "8.4"]
[White "Zwirs, Nico"]
[Black "Reinderman, Dimitri"]
[Result "*"]
[WhiteElo "2443"]
[BlackElo "2582"]
[Annotator "TA"]
[PlyCount "55"]
[EventDate "2020.02.21"]
[EventType "tourn"]
[EventCountry "NED"]
[SourceTitle "playchess.com"]
[Source "ChessBase"]
[SourceQuality "1"]

{[%evp 12,55,33,31,30,22,33,26,25,27,38,37,42,37,38,33,64,34,29,0,18,-5,0,0,0,0,58,56,136,73,116,92,95,77,89,85,65,14,64,0,0,0,0,0,0,0]} 1. e4 c5 2. Nf3 Nc6 3. d4 cxd4 4. Nxd4 Nf6 5. Nc3 e6 6. Ndb5 Bc5 {Recently 6...Bb4 got a lot of attention.} 7. Bf4 {[#] And now Nc7+ would win.} O-O {B45: Sicilian Four Knights.} 8. Bc7 Qe7 9. Bd6 $1 {[%cal Rd6e7]} Bxd6 {White has an edge.} 10. Qxd6 Qd8 11. O-O-O Ne8 12. Qg3 a6 13. Nd6 {[#]} b5 $146 {[%cal Bb7b5,Bb5b4][%mdl 32]} ({Predecessor:} 13... Nxd6 14. Rxd6 b5 15. Be2 Qa5 16. Kb1 b4 17. Nd1 Qc5 18. Qd3 a5 19. Qd2 a4 {0-1 (34) Stepanyan,E (1881)-Maltsevskaya,A (2318) Moscow 2020}) 14. Kb1 Qa5 15. Nxe8 Rxe8 16. e5 b4 17. Ne4 {[#] Nf6+ is the strong threat.} Qxe5 18. Nd6 Rd8 (18... Qxg3 $11 19. hxg3 Rd8) 19. f4 $36 {[%mdl 3072] White has compensation. White has some pressure.} Qc5 (19... Qf6 $14) 20. f5 (20. Qh4 $142) 20... Qe5 21. Qf3 (21. Qf2 {seems wilder.} Rf8 22. g4 a5 23. Bb5 a4 24. Rhe1) 21... Rf8 22. Bc4 {Strongly threatening Rhf1.} a5 23. Rhe1 Qf6 24. g4 (24. Qe4 $14) 24... Ba6 25. Ne4 ({Better is} 25. Bb3 $14) 25... Qh4 $1 $11 {The position is equal.} 26. Bxa6 Rxa6 27. Nc5 Ra7 28. Rf1 {Accuracy: White = 77%, Black = 63%.} *

[Event "12th Batavia Amsterdam 2020"]
[Site "Amsterdam"]
[Date "2020.02.29"]
[Round "8.5"]
[White "Nijboer, Friso"]
[Black "Feuerstack, Aljoscha"]
[Result "0-1"]
[WhiteElo "2469"]
[BlackElo "2459"]
[Annotator "TA"]
[PlyCount "86"]
[EventDate "2020.02.21"]
[EventType "tourn"]
[EventCountry "NED"]
[SourceTitle "playchess.com"]
[Source "ChessBase"]
[SourceQuality "1"]

{[%evp 10,86,0,-4,-8,-22,-20,-17,-15,-24,-21,-20,-37,-69,-79,-78,-69,-79,-58,-71,0,0,0,0,0,0,0,0,148,-11,-18,-18,-11,-110,-110,-203,-208,-199,-211,-206,-204,-206,-205,-208,-170,-194,-156,-158,-165,-160,-170,-172,-162,-184,-144,-148,-138,-174,-175,-190,-181,-207,-209,-208,-195,-212,-190,-196,-147,-201,-195,-279,-272,-365,-330,-1415,-1413,-1410,-1281]} 1. e4 e5 2. Nf3 Nf6 3. Nc3 Nc6 4. Bb5 Bc5 5. O-O O-O 6. d3 Nd4 {C48: Four Knights: 4 Bb5, replies other than 4...Bb4.} 7. Nxe5 d6 8. Nf3 Bg4 {Strongly threatening ...c6.The position is equal.} 9. Be3 $1 Bxf3 10. gxf3 Nh5 11. Bc4 Qh4 $1 {[%cal Rh4h3] Hoping for ...Qh3.} 12. Kg2 b5 13. Bb3 (13. Bxb5 $2 Nxb5 14. Nxb5 Bxe3 $19) 13... Kh8 {[#] Threatens to win with ...f5.} 14. Ne2 $146 ({Predecessor:} 14. Nd5 c6 15. Nc7 Rac8 16. Na6 Bb6 17. Nb4 a5 {0-1 (17) Lauer,F (974)-Narkun,M (2265) LSS email 2013}) 14... Nxf3 (14... Nxe2 $1 $17 15. Qxe2 f5) 15. Ng3 Qxh2+ ({Don't play} 15... Bxe3 16. Qxf3 Bf4 17. Qxh5 $16) 16. Kxf3 {And now Rh1 would win.} Nxg3 17. Bf4 {[%mdl 64] Pin} f5 {( -> ...fxe4+)} 18. Bxg3 Qh3 {[#]} (18... fxe4+ $1 $11 19. Ke2 exd3+ 20. Qxd3 (20. Kxd3 Qg2 $11) 20... Rae8+ 21. Kd1 Qh3) 19. Ke2 $2 ({White has to play} 19. d4 $1 $16) 19... f4 $1 $11 {[%cal Rf4g3]} 20. Rh1 Qg4+ $40 {[%mdl 128] Black mounts an attack.} 21. f3 (21. Kd2 $11 Qxd1+ 22. Raxd1 fxg3 23. fxg3) 21... Qxg3 $17 {[%csl Gc5][%cal Rg3f2]} 22. d4 (22. Qf1 $17 {was the only defense.}) 22... Qg2+ $19 23. Kd3 {[#]} Bxd4 $1 {[%mdl 512] White must now prevent ...c5.} 24. Qf1 (24. Kxd4 Qf2+) 24... Qxf1+ 25. Raxf1 Bxb2 26. c3 c6 27. Be6 Rad8 28. Rfg1 Ba3 29. Bf5 h6 30. Rg6 Bc5 31. Ra1 d5 32. Kc2 Rd6 {...Rxg6 is the strong threat.} 33. Rxd6 Bxd6 $17 {[%mdl 4096] Endgame KRB-KRB} 34. a4 b4 35. cxb4 Bxb4 36. Kd3 Rf6 37. Bc8 dxe4+ 38. Kxe4 Bd2 39. a5 (39. Rd1 $17 Rd6 40. Rb1) 39... c5 $19 40. a6 (40. Ra2 {was worth a try.} Bb4 41. Kd5) 40... c4 41. Ra4 Rc6 42. Bd7 $2 (42. Bb7 Rc7 43. Ra2) 42... Rc7 43. Bf5 {[#]} g6 $1 {Accuracy: White = 53%, Black = 84%.} 0-1

[Event "12th Batavia Amsterdam 2020"]
[Site "Amsterdam"]
[Date "2020.03.01"]
[Round "9.1"]
[White "Bosboom, Manuel"]
[Black "Admiraal, Miguoel"]
[Result "0-1"]
[WhiteElo "2410"]
[BlackElo "2501"]
[Annotator "TA"]
[PlyCount "88"]
[EventDate "2020.02.21"]
[EventType "tourn"]
[EventCountry "NED"]
[SourceTitle "playchess.com"]
[Source "ChessBase"]
[SourceQuality "1"]

{[%evp 12,88,-9,-28,-5,-13,-12,-10,-12,-51,-47,-45,-46,-50,-26,-37,-36,-79,-43,-69,-50,-62,-41,-31,-36,-86,-83,-89,-81,-85,-73,-100,-104,-95,-84,-89,-85,-113,-133,-129,-79,-68,0,0,0,-10,-20,-8,-14,-9,-10,-10,-10,-16,-10,-11,-12,-12,0,0,0,0,0,0,0,0,0,0,0,-2708,-2331,-1697,-1107,-12841,-12842,-12841,-12842,-12843,-12843]} 1. c4 e5 2. b3 Nf6 3. Bb2 Nc6 4. e3 d5 5. cxd5 Nxd5 6. a3 Bd6 7. Qc2 Qg5 {A01: Nimzowitsch-Larsen Opening.} 8. Nf3 Qg6 9. Qxg6 $1 hxg6 {The position is equal.} 10. Bc4 Nb6 $1 11. Bb5 Bd7 12. Nc3 {[#]} Na5 $146 ({Predecessor:} 12... f5 13. Ke2 e4 14. Ng5 a6 15. Bxc6 bxc6 16. f3 exf3+ 17. gxf3 c5 18. a4 Rb8 {1-0 (40) Bosboom,M (2403)-Krysa,L (2533) Dieren 2018}) 13. b4 Nac4 14. Bc1 a5 15. Rb1 axb4 16. axb4 f6 17. Bxd7+ Kxd7 18. Ke2 Na4 19. Kd3 Ncb6 20. e4 g5 21. g3 Ke6 22. Kc2 Nxc3 23. dxc3 Nc4 24. Kb3 b5 25. Nd2 Nxd2+ 26. Bxd2 Rh3 (26... g4 $15) 27. Be3 $11 g6 28. Ra1 Rxa1 29. Rxa1 Rxh2 {[%mdl 4096] Endgame KRB-KRB} 30. Ra5 $1 f5 31. exf5+ gxf5 32. Rxb5 f4 33. gxf4 gxf4 34. Ba7 $1 e4 35. Kc4 Rh1 {Hoping for ...e3!} 36. Ra5 Rd1 37. Bd4 f3 38. b5 Bf4 {[#] And now ...e3! would win.} 39. Ra2 Kf5 40. Kd5 $2 {[%mdl 8192]} (40. Ra8 $11) 40... e3 $1 $19 {[%cal Re3e2] Black is clearly winning.} 41. fxe3 Bxe3 42. Ra8 f2 43. Rf8+ Kg4 44. Kc6 Rxd4 {Accuracy: White = 71%, Black = 91%.} ({Less strong is} 44... Bxd4 45. cxd4 Rc1+ 46. Kb7 $17) 0-1

[Event "12th Batavia Amsterdam 2020"]
[Site "Amsterdam"]
[Date "2020.03.01"]
[Round "9.2"]
[White "Reinderman, Dimitri"]
[Black "Trent, Lawrence"]
[Result "1-0"]
[WhiteElo "2582"]
[BlackElo "2386"]
[Annotator "TA"]
[PlyCount "55"]
[EventDate "2020.02.21"]
[EventType "tourn"]
[EventCountry "NED"]
[SourceTitle "playchess.com"]
[Source "ChessBase"]
[SourceQuality "1"]

{[%evp 9,55,39,34,33,46,28,29,25,32,43,37,29,44,51,43,31,51,50,66,33,75,75,101,40,83,14,29,25,80,29,84,84,106,107,166,41,40,18,11,0,0,0,470,468,478,448,905,0]} 1. Nf3 b6 2. e4 Bb7 3. Nc3 e6 4. d4 Bb4 5. Bd3 Nf6 6. Nd2 {B00: Queen's Fianchetto Defence, Nimzowitsch Defence.} d6 7. O-O Nbd7 8. a3 {White has an edge.} Bxc3 $1 9. bxc3 O-O 10. Re1 {[#]} e5 $146 ({Predecessor:} 10... Re8 11. f3 h6 12. a4 a5 13. Nf1 Bc6 14. f4 Nf8 15. c4 Bb7 16. Ng3 Ng6 {½-½ (50) Ciklabakkal,M (2183)-Becker,C (2196) ICCF email 2017}) 11. Nf1 Re8 12. Ng3 Nf8 13. Qf3 g6 14. Bh6 Kh8 15. a4 Ne6 16. Be3 (16. d5 $16 Nc5 17. a5) 16... a5 17. h4 (17. d5 $16 Nc5 18. Bb5) 17... Ng8 18. d5 Ng7 (18... Nc5 $11) 19. h5 ({White should play} 19. Bg5 $16 f6 20. Bd2) 19... g5 {[#]} (19... Rf8 $11) 20. Nf1 $1 $36 {[%mdl 2048] White has strong initiative.} g4 21. Qxg4 {Threatens to win with h6.} Nf6 {[#]} (21... Bc8 $16 {might work better.} 22. Qf3 Qh4) 22. Qf3 (22. Qh4 $1 $18 {aiming for Bg5.} Nfxh5 23. Bg5) 22... Ngxh5 $14 23. Bg5 {Ng3 is the strong threat.} Rg8 24. Bh4 Rg6 25. Ne3 Bc8 $2 {[%mdl 8192] [#]} (25... Qf8 $11) 26. Qxh5 $1 $18 {[%mdl 576] Pin. White is clearly winning.} Qg8 (26... Nxh5 27. Bxd8) 27. Qf3 Nh5 (27... Qg7 $142 28. g3 Rh6) 28. g4 $2 {[%mdl 32768] Accuracy: White = 64%, Black = 59%. . Loss on time!?} (28. Qxh5 $18 Qf8 29. g3) 1-0

[Event "12th Batavia Amsterdam 2020"]
[Site "Amsterdam"]
[Date "2020.03.01"]
[Round "9.3"]
[White "Warakomski, Tomasz"]
[Black "Sukandar, Irine Kharisma"]
[Result "1/2-1/2"]
[WhiteElo "2501"]
[BlackElo "2408"]
[Annotator "TA"]
[PlyCount "84"]
[EventDate "2020.02.21"]
[EventType "tourn"]
[EventCountry "NED"]
[SourceTitle "playchess.com"]
[Source "ChessBase"]
[SourceQuality "1"]

{[%evp 9,83,13,9,-9,0,-12,-5,-11,-16,-8,-4,-2,-14,-14,2,-11,-9,-37,0,-5,-11,-17,0,-46,0,0,0,0,0,0,0,0,0,0,-9,-18,-16,-33,-24,-75,0,-86,-26,-72,0,-206,-181,-259,-217,-182,-186,-207,-56,-958,-981,-1541,-1341,-1319,-480,-1452,0,0,0,0,0,0,0,0,0,0,0,0,0,0,0,-29999]} 1. e4 c5 2. Nf3 Nc6 3. Bb5 d6 4. c3 Nf6 5. Qe2 Bg4 6. d4 {B51: Sicilian: Moscow Variation (3 Bb5+) without 3...Bd7.} cxd4 7. cxd4 d5 8. e5 {The position is equal.} Nd7 {aiming for ...Nxd4!} 9. Be3 e6 10. O-O {[#]} a6 $146 ({Predecessor:} 10... Be7 11. Nbd2 O-O 12. Bd3 Rc8 13. Rac1 Qb6 14. h3 Bh5 15. Rc2 Bg6 16. Bxg6 hxg6 {0-1 (105) Fressinet,L (2640)-Ni,H (2611) ICC INT 2004}) 11. Ba4 b5 12. Bd1 Be7 13. Nbd2 O-O 14. Bc2 Nb4 15. Bb1 Rc8 16. Nb3 f5 17. exf6 Nxf6 18. h3 Bh5 19. a3 Nc6 20. Nbd2 Qe8 21. Re1 Bd6 22. a4 Bb4 23. axb5 axb5 24. g4 (24. Ra6 $11 {keeps the balance.}) 24... Bg6 ({Black should try} 24... Nxg4 $1 $17 25. hxg4 Bxg4 26. Bxh7+ (26. Qd3 Qh5 $15) 26... Kh8) 25. Qxb5 (25. Bxg6 $11 Qxg6 26. Red1) 25... Ne4 (25... h5 $17 {...Bxb1 is the strong threat.} 26. g5 Ne4) 26. Qe2 Rb8 (26... Nxd2 $1 $17 27. Bxd2 Rxf3 $1 {[%mdl 512]} 28. Bxb4 Nxd4) 27. Ra2 $2 {[#]} (27. Bxe4 $11 Bxe4 28. Rec1 Bxd2 29. Nxd2) 27... Nxd2 $1 $19 28. Nxd2 Bxb1 29. Rxb1 e5 30. dxe5 Nxe5 $2 (30... d4 $19 31. Bxd4 {[%mdl 64] Decoy} Nxd4 32. Qc4+ Qf7) 31. Ra7 $2 {[%mdl 8192]} (31. f4 $15 Nc6 32. f5) 31... Bxd2 $1 32. Bxd2 Nf3+ {[%mdl 64] Discovered Attack} 33. Kf1 Qe4 (33... Nxd2+ $142 34. Qxd2 Qe4) 34. Re1 (34. Qxe4 $142 Nxd2+ 35. Kg2 Nxe4 36. f3) 34... Rbe8 $2 (34... Nxd2+ $19 35. Kg1 Nf3+ {[%mdl 64] Double Attack} 36. Kf1 Qf4) 35. Bc3 $1 $11 Nh2+ 36. Kg1 Nf3+ {[%mdl 64] Double Attack} 37. Kf1 {[#]} Nd2+ $1 $40 {[%mdl 640] Black is up to no good.} 38. Kg1 (38. Bxd2 Qh1#) 38... Nf3+ {[%mdl 64] Double Attack} 39. Kf1 Nh2+ 40. Kg1 Nf3+ {[%mdl 64] Double Attack} 41. Kf1 {[#]} Nd2+ $1 {[%mdl 576] Back Rank} 42. Qxd2 $2 {[%mdl 8192]} (42. Kg1 $11 Nf3+ {[%mdl 64] Double Attack}) (42. Bxd2 Qh1#) 42... Qh1# {[%mdl 32768] Accuracy: White = 65%, Black = 66%. . An unexpected result.} 1/2-1/2

[Event "12th Batavia Amsterdam 2020"]
[Site "Amsterdam"]
[Date "2020.03.01"]
[Round "9.4"]
[White "Feuerstack, Aljoscha"]
[Black "Zwirs, Nico"]
[Result "1/2-1/2"]
[WhiteElo "2459"]
[BlackElo "2443"]
[Annotator "TA"]
[PlyCount "52"]
[EventDate "2020.02.21"]
[EventType "tourn"]
[EventCountry "NED"]
[SourceTitle "playchess.com"]
[Source "ChessBase"]
[SourceQuality "1"]

{[%evp 11,52,45,20,8,23,17,27,20,35,32,25,23,20,19,16,35,14,16,14,4,17,12,16,14,16,4,29,0,0,0,0,0,0,0,0,0,0,0,0,0,0,0,0]} 1. e4 c5 2. c3 d5 3. exd5 Qxd5 4. d4 g6 5. Nf3 Bg7 6. Na3 {[%cal Bb1a3,Ba3b5,Bb5d4][%mdl 32]} cxd4 7. Nb5 {[#] aiming for Nc7+. B06: Modern Defence.} Na6 8. Nbxd4 Nf6 9. Bb5+ {White has an edge.} Bd7 10. Bxa6 bxa6 11. O-O O-O 12. Re1 e6 {[#]} 13. Ne5 $146 ({Predecessor:} 13. h3 Qb7 14. c4 Rac8 15. Qb3 Qb6 16. Bf4 Nh5 17. Bh2 Bxd4 18. Nxd4 Qxd4 19. Rad1 Qxc4 20. Qxc4 Rxc4 21. Rxd7 {½-½ (32) Thompson,B (2308)-Carr,T (2347) ICCF email 2016}) 13... Rfd8 14. h3 Be8 15. Qe2 Qb7 16. Bg5 h6 17. Bf4 Rac8 18. Rad1 a5 19. Rd2 a4 {The position is equal.} 20. a3 a6 21. Bg3 Nh5 22. Bh2 Nf6 23. Qe3 Kh7 24. Qe2 Kg8 25. Qe3 Kh7 26. Qe2 Kg8 {A rather calm draw. Accuracy: White = 95%, Black = 95%.} 1/2-1/2